000 01049nam a22003257a 4500
003 CHAP
005 20220817042414.0
008 971013s1957 r 00010 d
010 _a43704
011 _a44676
035 _a48814
040 _cCHAP
082 _a338.476641
_bR35
100 0 0 _aRamírez José Ch.
_994076
245 _aAzúcar y política, reflexiones en Mante
260 _aCd. Mante :
_b(s.e.),
_c1957
300 _a340 p.
_b: ilus.
590 _aBATCH-UPD
_b10
_c20130110
_lUCH01
_h0325
590 _aBATCH-UPD
_b10
_c20130110
_lUCH01
_h1644
590 _aBATCH-UPD
_b10
_c20130409
_lUCH01
_h2358
590 _aBATCH-UPD
_b10
_c20130410
_lUCH01
_h1446
590 _aBATCH-UPD
_b10
_c20130914
_lUCH01
_h0510
590 _aCONVERSION
_b10
_c20130109
_lUCH01
_h1324
650 1 4 _aAzúcar
_xAspectos económicos.
_99135
650 1 4 _aPolítica azucarera
_xMéxico.
_990445
650 1 4 _aTratado Trilateral de Libre Comercio.
901 _aBK
942 _cLIBRO
949 _a338.476641 R35
_bBC
_cLIBRO
_d33724000417259
_eLIBRO
_h6092
_i48814
_si
999 _c43704
_d43704